00302nam a2200133Ia 4500003000400000005001700004008004100021020002200062040001000084100002200094245002800116260001500144260000900159OSt20240120104334.0170524s9999 xx 000 0 und d a 9789380027067 .. ciimtu aSrivastava Smriti 0aEnvironment and ecology bSK Kataria c2008